=LDR 00000nam 2200000 4500 =001 NUTBA000000000002162 =005 20140606092329.0 =006 =007 =008 =020 ##$$a 979-744-522-4 =035 ##$$a 0010-061400000000105 =040 ##$$a NBPDMAT =082 ##$$a 639.534 =090 ##$$a 539.534 $b Poe b =100 ##$$a P.K.Poerwantana =245 ##$$a Budidaya udang galah / $c P.K.Poerwantana =260 ##$$a Semarang : $b Azka Press, $c 2006 =300 ##$$a v, 55 hlm. : $b ilus. ; $c 21 cm. =500 ##$$a Bibliografi : hlm. 56 =650 ##$$a Budidaya Udang =850 ##$$a NBPDMAT =990 ##$$a 21400477 =990 ##$$a 21400613/BPAP-NTB/20142014 =990 ##$$a 21400613/BPAP-NTB/20142014 =990 ##$$a 21400613/BPAP-NTB/20142014 =990 ##$$a 21400613/BPAP-NTB/20142014